Normal view
MARC view
Entry Personal Name
001 - CONTROL NUMBER
- control field: 24121
003 - CONTROL NUMBER IDENTIFIER
- control field: ARRUPE
005 - DATE AND TIME OF LATEST TRANSACTION
- control field: 20160427114911.0
008 - FIXED-LENGTH DATA ELEMENTS
- fixed length control field: 160427|| aca||aabn | a|a d
040 ## - CATALOGING SOURCE
- Original cataloging agency: ARRUPE
- Transcribing agency: ARRUPE
100 ## - HEADING--PERSONAL NAME
- Personal name: Stanley, Henry M.
- Fuller form of name: (Henry Morton),
- Dates associated with a name: 1841-1904.
670 ## - SOURCE DATA FOUND
- Source citation: Work cat.: (ARRUPE)0: Bierman, John. 15087, Dark safari :, 1990.